Roll of thunder, hear my cry (Record no. 34497)

MARC details
000 -LEADER
fixed length control field 00593nam a2200181Ia 4500
020 ## - INTERNATIONAL STANDARD BOOK NUMBER
ISBN 9780329372828
050 ## - CALL MARK
Classification number PZ 7 .T39/
100 ## - STATEMENT OF RESPONSIBILITY--MAIN AUTHOR NAME
Personal name Taylor, Mildred D.
245 #0 - TITLE STATEMENT
Title Roll of thunder, hear my cry
260 ## - PUBLICATION, DISTRIBUTION, ETC. (IMPRINT)
Place of publication New York
260 ## - PUBLICATION, DISTRIBUTION, ETC. (IMPRINT)
Name of publisher Penguin Group
260 ## - PUBLICATION, DISTRIBUTION, ETC. (IMPRINT)
Year of publication 1976
300 ## - PHYSICAL DESCRIPTION
Number of Pages 276 p
650 ## - SUBJECT ADDED ENTRY--TOPICAL TERM
Topical Term African Americans--Juvenile fiction. African Americans--Fiction. Prejudices--Fiction. Race relations--Fiction. Depressions--1929--Fiction. Mississippi--History--20th century--Fiction.
942 ## - ADDED ENTRY ELEMENTS (KOHA)
Koha item type Books
Holdings
Withdrawn status Lost status Source of classification or shelving scheme Damaged status Not for loan Permanent Location Current Location Date acquired Accession Number Price effective from Koha item type
    Library of Congress Classification     NILE UNIVERSITY OF NIGERIA - MAIN LIBRARY NILE UNIVERSITY OF NIGERIA - MAIN LIBRARY 04/23/2025 0195249 04/23/2025 Books